Entrepreneurial Thinking: Think Different (Record no. 43595)

MARC details
000 -LEADER
fixed length control field 03272cam a2200505 i 4500
001 - CONTROL NUMBER
control field 23072519
005 - DATE AND TIME OF LATEST TRANSACTION
control field 20250417093048.0
007 - PHYSICAL DESCRIPTION FIXED FIELD--GENERAL INFORMATION
fixed length control field ta
008 - FIXED-LENGTH DATA ELEMENTS--GENERAL INFORMATION
fixed length control field 230419s2023 enka b 001 0 eng d
010 ## - LIBRARY OF CONGRESS CONTROL NUMBER
LC control number 2023936854
016 7# - NATIONAL BIBLIOGRAPHIC AGENCY CONTROL NUMBER
Record control number 021060876
Source Uk
020 ## - INTERNATIONAL STANDARD BOOK NUMBER
International Standard Book Number 9781035309412
020 ## - INTERNATIONAL STANDARD BOOK NUMBER
International Standard Book Number 1035309416
020 ## - INTERNATIONAL STANDARD BOOK NUMBER
International Standard Book Number 9781035309399
020 ## - INTERNATIONAL STANDARD BOOK NUMBER
International Standard Book Number 1035309394
020 ## - INTERNATIONAL STANDARD BOOK NUMBER
Canceled/invalid ISBN 9781035309405
035 ## - SYSTEM CONTROL NUMBER
System control number (OCoLC)on1381125930
041 ## - LANGUAGE CODE
Language code of text/sound track or separate title eng
042 ## - AUTHENTICATION CODE
Authentication code lccopycat
082 04 - DEWEY DECIMAL CLASSIFICATION NUMBER
Classification number 338.04 VAL
100 1# - MAIN ENTRY--PERSONAL NAME
Author Valliere, David,
245 10 - TITLE STATEMENT
Title Entrepreneurial Thinking: Think Different
250 ## - EDITION STATEMENT
Edition statement Second edition.
260 ## - PUBLICATION, DISTRIBUTION, ETC.
Place UK
Publisher Edward Elgar Publishing
Publication Year 2023
300 ## - PHYSICAL DESCRIPTION
Extent xi, 191 pages :25 cm
Other physical details illustrations ;
500 ## - GENERAL NOTE
Keywords Previous edition: 2019.
504 ## - BIBLIOGRAPHY, ETC. NOTE
Bibliography, etc. note Includes bibliographical references and index.
520 ## - SUMMARY, ETC.
Summary, etc. "Dispelling common entrepreneurship myths, this updated textbook introduces the cutting-edge knowledge of entrepreneurship: the theories and empirical evidence rigorously developed by leading researchers. Helping aspiring entrepreneurs to think from a different perspective and avoid preventable mistakes, Entrepreneurial Thinking offers a summary of the most valuable and surprising contemporary research, translating it into clearly beneficial lessons, while emphasizing the entrepreneurial mindset crucial to venture success. Key Features: - Short and accessible synopses of 44 of the most influential research papers to advance students' knowledge on best practice in entrepreneurial thinking, especially in how to see opportunities that others overlook - Examples of how to use available resources in unconventional ways, as well as explanations of cognitive biases that trap most fledgling entrepreneurs - New practical application boxes on social entrepreneurship, entrepreneurial self-efficacy, cognitive bias self-reflection, and the importance of creative play - A consistent structure allowing students to understand the questions asked, the answers available and implications of each research paper effectively, and place research into practical situations plus added discussion of important new research on entrepreneurial ecosystems, and venture lifecycle and legitimacy. An excellent guide for students of entrepreneurship, Entrepreneurial Thinking is a brilliant overview of current research with practical benefits for the entrepreneurs of the future. It distills the most important points from entrepreneurship research into practical and valuable insights for anyone who wants to increase their chances of success with a new venture"--
650 #0 - SUBJECT ADDED ENTRY--TOPICAL TERM
Subject Entrepreneurship.
650 #0 - SUBJECT ADDED ENTRY--TOPICAL TERM
Subject Entrepreneurship
650 #0 - SUBJECT ADDED ENTRY--TOPICAL TERM
Subject Creative ability in business.
650 #6 - SUBJECT ADDED ENTRY--TOPICAL TERM
Subject Entrepreneuriat.
650 #6 - SUBJECT ADDED ENTRY--TOPICAL TERM
Subject Entrepreneuriat
650 #6 - SUBJECT ADDED ENTRY--TOPICAL TERM
Subject Créativité dans les affaires.
650 #7 - SUBJECT ADDED ENTRY--TOPICAL TERM
Subject entrepreneurs.
650 #7 - SUBJECT ADDED ENTRY--TOPICAL TERM
Subject Creative ability in business
650 #7 - SUBJECT ADDED ENTRY--TOPICAL TERM
Subject Entrepreneurship
942 ## - ADDED ENTRY ELEMENTS (KOHA)
Koha item type Books
264 #1 - PRODUCTION, PUBLICATION, DISTRIBUTION, MANUFACTURE, AND COPYRIGHT NOTICE
Place of production, publication, distribution, manufacture Cheltenham, UK ;
-- Northampton, Massachusetts :
Name of producer, publisher, distributor, manufacturer Edward Elgar Publishing,
Date of production, publication, distribution, manufacture, or copyright notice [2023]
336 ## - CONTENT TYPE
Content type term text
Source rdacontent
337 ## - MEDIA TYPE
Media type term unmediated
Source rdamedia
338 ## - CARRIER TYPE
Carrier type term volume
Source rdacarrier
906 ## - LOCAL DATA ELEMENT F, LDF (RLIN)
a 7
b cbc
c copycat
d 2
e ncip
f 20
g y-gencatlg
Holdings
Withdrawn status Lost status Source of classification or shelving scheme Damaged status Not for loan Home library Current library Shelving location Accession Date Vendor Price Bill number Total Checkouts Full call number Barcode No Date last seen Date last checked out Discount Bill Date Koha item type Suggested By
    Dewey Decimal Classification     IMTN IMTN Rack 11-B 03/28/2025 Raghav Books private Limited 3222.14 2374 1 338.04 VAL 33882 07/15/2025 07/03/2025 33 02/14/2025 Books Mr. Shridhar Rao
Designed & Maintained by: LRC IMT Nagpur Contact: lrc@imtnag.ac.in© 2024. All Rights Reserved.